| 000 | 00527aam a2200193 4500 | ||
|---|---|---|---|
| 005 | 20160823085116.0 | ||
| 008 | 150721b xxu||||| |||| 00| 0 spa d | ||
| 041 | _aEspañol | ||
| 082 | _a371.41 M755c | ||
| 100 |
_aMonson, Dianne L _915017 |
||
| 100 |
_aMcClenathan, DayAnn K _915018 |
||
| 245 | _aCrear lectores activos: propuestas para los padres, maestros y bibliotecarios | ||
| 260 | _aEspaña | ||
| 260 | _bVisor Distribuciones | ||
| 260 | _c1989 | ||
| 300 | _a127 páginas | ||
| 650 |
_aLECTURA _915019 |
||
| 942 | _cBK | ||
| 999 |
_c152 _d152 |
||